Airline By Aircraft Paint Scheme Quiz Stats

 Plays Quiz Updated Oct 23, 2014

Also try: Banned from Flight
Challenge
Share
Tweet
Score 0/17 Timer 05:00
16 Plays Today
% Correct
United Airlines
88%
American Airlines
85.8%
Delta Air Lines
82.8%
Air Canada
82.6%
Qantas Airways
77.8%
Southwest Airlines
75.6%
Lufthansa
70.6%
KLM Royal Dutch Airlines
68.3%
Japan Airlines
67%
% Correct
British Airways
65.2%
Korean Air
64.6%
Alaska Airlines
55.9%
Air France
54.2%
Ryanair
50.7%
El Al Israel Airlines
48.4%
China Airlines
40.8%
Aeromexico
35.1%

You're not logged in!

Compare scores with friends on all Sporcle quizzes.
OR
Log In

You Might Also Like...

Show Comments

Extras

Top Quizzes Today


Score Distribution

Your Account Isn't Verified!

In order to create a playlist on Sporcle, you need to verify the email address you used during registration. Go to your Sporcle Settings to finish the process.

Report this User

Report this user for behavior that violates our Community Guidelines.

Details: